Zákon o vlastnických vztazích k půdě a co dál?

Orientácia nášho poľnohospodárstva na veľkovýrobu v rastlinnej a živočišnej výrobe. Trend vývoja rodinných fariem k postupnej koncentrácii veľkosti v SRN a iných vybraných krajinách. Prechod na trhové vzťahy v družstvách a úprava ich organizačnej štruktúry.

Gespeichert in:
Bibliographische Detailangaben
1. Verfasser: Trávníček, Z.
Weitere Verfasser: Lipták, M.
Format: Buchkapitel
Sprache:Tschechisch
Schlagworte:
Tags: Tag hinzufügen
Keine Tags, Fügen Sie das erste Tag hinzu!

MARC

LEADER 00000naa a2200000 4500
001 r004758
005 20221125075926.1
041 0 |a cze 
044 |a [CS] 
245 1 0 |a Zákon o vlastnických vztazích k půdě a co dál?  |c Z. Trávníček, M. Lipták 
520 |a Orientácia nášho poľnohospodárstva na veľkovýrobu v rastlinnej a živočišnej výrobe. Trend vývoja rodinných fariem k postupnej koncentrácii veľkosti v SRN a iných vybraných krajinách. Prechod na trhové vzťahy v družstvách a úprava ich organizačnej štruktúry. 
610 2 0 |a veľkovýroba 
610 2 0 |a výroba rastlinná 
610 2 0 |a výroba živočíšna 
610 2 0 |a Nemecko 
610 2 0 |a farmy 
610 2 0 |a vzťahy trhové 
610 2 0 |a družstvá poľnohospodárske 
610 2 0 |a štruktúra organizačná 
610 2 0 |a pôda poľnohospodárska 
610 2 0 |a vlastníctvo 
610 2 0 |a zákony 
100 1 |a Trávníček, Z. 
700 1 |a Lipták, M.